Normal view
MARC view
Entry Corporate Name
001 - CONTROL NUMBER
- control field: 49710
003 - CONTROL NUMBER IDENTIFIER
- control field: ARRUPE
005 - DATE AND TIME OF LATEST TRANSACTION
- control field: 20200318112844.0
008 - FIXED-LENGTH DATA ELEMENTS
- fixed length control field: 200318|| aca||aabn | a|a d
040 ## - CATALOGING SOURCE
- Original cataloging agency: ARRUPE
- Transcribing agency: ARRUPE
110 ## - HEADING--CORPORATE NAME
- Corporate name or jurisdiction name as entry element: Ranche House College
670 ## - SOURCE DATA FOUND
- Source citation: Work cat.: (ARRUPE): Ranche House College, Comprehensive and systematic patterns of conversational Shona for the would-be speaker, 1993